| 000 | 00343nam a2200121Ia 4500 | ||
|---|---|---|---|
| 008 | 220217s9999||||xx |||||||||||||| ||und|| | ||
| 082 | _a005.16 SAN | ||
| 100 |
_aSandler, Corey _93540 |
||
| 245 | 0 | _aTrouble shooting repairing your PC | |
| 260 |
_aJohn wiley and sons _bNew York _c2002 |
||
| 300 | _b429 | ||
| 650 | _aUPGRADING AND REPAIRING | ||
| 999 |
_c172151 _d172151 |
||